Protectionists, Environmentalists, and the Formation of Environmental Policy in an Open Economy

Saved in:
Bibliographic Details
Main Author: Rauscher, Michael
Format: Book
Language:English
Published: Kiel Institut für Weltwirtschaft 1995
Series:Kiel Working Paper No.685
Subjects:
Tags: Add Tag
No Tags, Be the first to tag this record!

MARC

LEADER 00000nam a2200000 4500
001 c010686
005 20250521093039.5
041 0 |a eng 
044 |a DE 
245 1 0 |a Protectionists, Environmentalists, and the Formation of Environmental Policy in an Open Economy  |c Michael Rauscher 
264 1 |a Kiel  |b Institut für Weltwirtschaft  |c 1995 
300 |a 27 s. 
490 1 |a Kiel Working Paper  |v No.685 
830 0 |a Kiel Working Paper  |v No.685 
610 2 0 |a ochrana prostredia životného 
610 2 0 |a hospodárstvo otvorené 
610 2 0 |a združenia 
610 2 0 |a organizácie nevládne 
610 2 0 |a bezpečnosť environmentálna 
100 1 |a Rauscher, Michael